000 00744nam a2200241Ia 4500
003 OSt
005 20220923221314.0
006 a|||||r|||| 00| 0
007 ta
008 220922b |||||||| |||| 00| 0 hin d
024 _a196,923
037 _cTextual
040 _aARTS
_cARTS
_bhin
041 _2hin
_ahin
082 _aP152, L8
100 _aकपूर, बदरीनाथ
245 0 _aपरिष्कृत हिन्दी व्याकरण
246 _aPariṣhkṛut hindī vyākaraṇa
260 _aमेरठ
_b मीनाक्षी प्रका0
_c1978
300 _a264पृ.
_ccm.
942 _hP152, L8
_cTEXL
_2CC
999 _c348794
_d348794